[Event "Moscow op-A 16th"]
[Site "Moscow"]
[Date "2020.01.26"]
[Round "2"]
[White "Grachev, Alexey1111"]
[Black "Razhbadinov, Rasul"]
[Result "1-0"]
[WhiteElo "2301"]
[BlackElo "1613"]
[PlyCount "63"]
[EventDate "2020.01.25"]
[EventType "swiss"]
[EventRounds "9"]
[EventCountry "RUS"]
[SourceTitle "CBM 194 Extra"]
[Source "ChessBase"]
[SourceDate "2020.03.31"]
[SourceVersion "1"]
[SourceVersionDate "2020.03.31"]
[SourceQuality "1"]

1. c4 e6 2. g3 d5 3. Nf3 Nf6 4. Bg2 c6 5. 0-0 Be7 6. b3 0-0 7. Bb2 Nbd7 8. Nc3 b6 9. e3 Ba6 10. Qe2 Rc8 11. d3 Re8 12. e4 dxc4 13. dxc4 e5 14. Rad1 Qc7 15. Nh4 Nc5 16. Nf5 Bf8 17. f4 g6 18. fxe5 Rxe5 19. Ne3 Bg7 20. Nb1 h5 21. Bxe5 Qxe5 22. Nd2 Re8 23. Rfe1 Ncxe4 24. Nc2 Qc5+ 25. Qe3 Qxe3+ 26. Rxe3 Bh6 27. Rxe4 Nxe4 28. Nxe4 Kg7 29. Nb4 Be3+ 30. Kf1 Bc8 31. Nd6 Bg4 32. Nxe8+ 1-0

[Event "Moscow op-A 16th"]
[Site "Moscow"]
[Date "2020.01.25"]
[Round "1"]
[White "Razhbadinov, Rasul"]
[Black "Maneluk, Daniil"]
[Result "1/2-1/2"]
[WhiteElo "1613"]
[BlackElo "2245"]
[PlyCount "96"]
[EventDate "2020.01.25"]
[EventType "swiss"]
[EventRounds "9"]
[EventCountry "RUS"]
[SourceTitle "CBM 194 Extra"]
[Source "ChessBase"]
[SourceDate "2020.03.31"]
[SourceVersion "1"]
[SourceVersionDate "2020.03.31"]
[SourceQuality "1"]

1. d4 Nf6 2. Nf3 c5 3. Bf4 cxd4 4. Qxd4 Nc6 5. Qd1 Qb6 6. Qc1 d5 7. e3 Bg4 8. Be2 e6 9. c3 Be7 10. h3 Bh5 11. Nbd2 Rc8 12. 0-0 0-0 13. Re1 Rfd8 14. a4 Nd7 15. e4 Bxf3 16. Bxf3 d4 17. Nc4 Qc5 18. Be2 a5 19. Bd2 b6 20. Rb1 Bf6 21. b4 axb4 22. cxb4 Qe7 23. f4 Bh4 24. Rf1 b5 25. axb5 Na7 26. g3 Bxg3 27. Qa3 d3 28. Qxd3 Ne5 29. Qxg3 Nxc4 30. Bc3 f6 31. Rbc1 Nxb5 32. Bxc4 Rxc4 33. Bxf6 Qa7+ 34. Kh1 Rxc1 35. Rxc1 Rf8 36. Be5 Qb7 37. Qd3 Qa8 38. Rc5 Rd8 39. Qc4 Nd4 40. Rc7 Qxe4+ 41. Kh2 Nf3+ 42. Kg3 Qe1+ 43. Kxf3 Qd1+ 44. Ke3 Qd2+ 45. Ke4 Qg2+ 46. Ke3 Qxh3+ 47. Ke4 Qg2+ 48. Ke3 Qg1+ 1/2-1/2

[Event "Voronezh op-B 23rd"]
[Site "Voronezh"]
[Date "2019.06.16"]
[Round "5"]
[White "Kuskova, Ruslana"]
[Black "Razhbadinov, Rasul"]
[Result "0-1"]
[WhiteElo "1177"]
[BlackElo "1540"]
[PlyCount "64"]
[EventDate "2019.06.12"]
[EventType "swiss"]
[EventRounds "9"]
[EventCountry "RUS"]
[SourceTitle "EXT 2020"]
[Source "ChessBase"]
[SourceDate "2019.10.17"]
[SourceVersion "1"]
[SourceVersionDate "2019.10.17"]
[SourceQuality "1"]

1. e4 e5 2. Nf3 Nc6 3. Bc4 Bc5 4. c3 Nf6 5. d3 d6 6. h3 a6 7. Bb3 Ba7 8. Nbd2 0-0 9. Nf1 Ne7 10. Ng3 Ng6 11. 0-0 c6 12. d4 h6 13. Re1 Re8 14. Be3 exd4 15. Bxd4 c5 16. Bxf6 Qxf6 17. Qd3 Ne5 18. Nxe5 dxe5 19. Bd5 c4 20. Qe2 Be6 21. Bxb7 Rab8 22. Bd5 Bxd5 23. exd5 Qf4 24. Ne4 Red8 25. Rad1 f5 26. Nd2 Rxb2 27. Kh1 Rxd5 28. Qxc4 Rbxd2 29. Qb3 Kh7 30. Rxd2 Qxd2 31. Rf1 Qd3 32. Kg1 Rd6 0-1

[Event "Nezhmetdinov Memorial 40th"]
[Site "Kazan"]
[Date "2018.09.17"]
[Round "5"]
[White "Razhbadinov, Rasul"]
[Black "Vorobiev, Sergey"]
[Result "0-1"]
[WhiteElo "1516"]
[BlackElo "2092"]
[PlyCount "76"]
[EventDate "2018.09.13"]
[EventType "swiss"]
[EventRounds "9"]
[EventCountry "RUS"]
[SourceTitle "CBM 186 Extra"]
[Source "ChessBase"]
[SourceDate "2018.08.24"]
[SourceVersion "1"]
[SourceVersionDate "2018.08.24"]
[SourceQuality "1"]

1. e4 e5 2. Nf3 Nc6 3. Bb5 a6 4. Ba4 Nf6 5. 0-0 b5 6. Bb3 Be7 7. Re1 d6 8. c3 0-0 9. d3 Na5 10. Bc2 c5 11. Nbd2 Re8 12. Nf1 Bf8 13. Bg5 h6 14. Bh4 Be7 15. Ne3 Be6 16. d4 Ng4 17. Bxe7 Qxe7 18. Nf5 Bxf5 19. exf5 Qc7 20. d5 Nf6 21. b3 Qd7 22. Nd2 Nxd5 23. Qf3 Nf6 24. Ne4 Nxe4 25. Bxe4 Rac8 26. Qh5 Qe7 27. Rad1 Nc6 28. Rd3 Qf6 29. Red1 Red8 30. g4 d5 31. Bxd5 e4 32. Bxe4 Ne5 33. R3d2 Rxd2 34. Rxd2 Rd8 35. Rxd8+ Qxd8 36. Kg2 c4 37. Qh3 Nd3 38. f6 Nf4+ 0-1

[Event "EU-ch U08 26th"]
[Site "Prague"]
[Date "2016.08.20"]
[Round "3"]
[White "Razhbadinov, Rasul"]
[Black "Bialiauski, Artsiom"]
[Result "0-1"]
[WhiteElo "1263"]
[BlackElo "1436"]
[PlyCount "79"]
[EventDate "2016.08.18"]
[EventType "swiss"]
[EventRounds "9"]
[EventCountry "CZE"]
[SourceTitle "CBM 174 Extra"]
[Source "ChessBase"]
[SourceDate "2016.10.10"]
[SourceVersion "1"]
[SourceVersionDate "2016.10.10"]
[SourceQuality "1"]

1. e4 e5 2. Nf3 Nc6 3. Bc4 Bc5 4. c3 Nf6 5. d3 h6 6. Bb3 d5 7. Qe2 dxe4 8. dxe4 0-0 9. h3 Qe7 10. Nbd2 Be6 11. Bc2 a5 12. 0-0 Rad8 13. Rd1 Rfe8 14. Nf1 Rxd1 15. Qxd1 Qd6 16. Be3 Qe7 17. Qe2 Rd8 18. Qb5 Bxe3 19. Nxe3 Bd7 20. Qxb7 Rb8 21. Qxc7 Ne8 22. Nd5 Qe6 23. Nf4 Nxc7 24. Nxe6 Nxe6 25. b3 Nf4 26. Rd1 Rb7 27. Rd2 f6 28. Ne1 Kf7 29. Nd3 Nxd3 30. Bxd3 Be6 31. Kf1 Rd7 32. Ke2 Ke7 33. Bb5 Rxd2+ 34. Kxd2 Na7 35. Ba6 a4 36. c4 axb3 37. axb3 Kd6 38. Kc3 Kc6 39. b4 Kb6 40. b5 0-1